00334nam a22001097a 4500082001500000100001400015245009200029260004200121300001600163526003700179650000800216 a940.4bEAD aEady, H.G aHistoricall illustrations to field service regulations, "Operations." 1929cH.G. Eady,  aLondonbSifton Praed & Co. Ltd.c1930 axv, 276p, : a0b0c0d940_400000000000000_EAD aMCE